Europäische Länder - Sudden Death - Statistiken

Allgemein
  • Dieses Quiz wurde 98 mal gespielt
  • Das Durchschnittsergebnis liegt bei 10 aus 15
Answers on the Grid
Answers color-coded by a green-red scale on the quiz's grid according to % correct below.
Belgein
Dänemarck
Schwedn
Ukarine
Greichenland
Montenogre
Kraotien
Andora
Vereinigtes Königreisch
Neiderlande
Tshechien
Rumenien
Nordmatzedonien
Islandt
Finland
Norwegen
Deutschland
Spanien
Portugal
Liechtenstein
San Marino
Serbien
Albanien
Ungarn
Polen
Estland
Litauen
Luxemburg
Irland
Slowakei
 
Antwortstatistiken
Antwort % Korrekt
Ungarn
72%
Polen
68%
Slowakei
68%
Albanien
66%
Portugal
66%
Estland
65%
Irland
65%
Luxemburg
65%
Norwegen
65%
Spanien
65%
Deutschland
63%
Liechtenstein
63%
Litauen
62%
San Marino
61%
Serbien
61%
Keine übereinstimmenden Quizze gefunden
Verteilung der Resultate
Anzahl Personen mit jedem Resultat
Perzentil nach korrekt beantworteten Fragen
Ihre Resultats-Entwicklung
Sie haben dieses Quiz noch nicht gespielt